[Event "Lovegrove Senior Open"]
[Site "San Francisco"]
[Date "2006.04.02"]
[Round "3"]
[White "Samatra, Mario"]
[Black "Penoyer, Flyn"]
[Result "1-0"]
[WhiteElo "1914"]
[BlackElo "1800"]
[PlyCount "60"]
[EventDate "2006.04.01"]
[EventType "swiss"]
[EventRounds "4"]
[EventCountry "USA"]

1. d4 Nf6 2. Bg5 Ne4 3. Bf4 d5 4. e3 Bf5 5. Nf3 c6 6. Be2 Qb6 7. Qc1 Nd7 8. O-O
e6 9. c3 Be7 10. Nbd2 a5 11. Rd1 g5 12. Be5 f6 13. Bg3 h5 14. h4 g4 15. Ne1
Nxg3 16. fxg3 Qc7 17. Nf1 Bd6 18. Kh2 Nf8 19. Nd3 Bxd3 20. Bxd3 f5 21. c4 Qd7
22. Kg1 dxc4 23. Bxc4 Ng6 24. Qc2 b5 25. Bd3 Rc8 26. Bxb5 O-O 27. Bc4 Rf6 28.
e4 Kg7 29. e5 Bxe5 30. dxe5 Nxe5 1-0

[Event "Lovegrove Senior Open"]
[Site "San Francisco"]
[Date "2006.04.02"]
[Round "3"]
[White "Shipman, Walter"]
[Black "Margulis, Igor"]
[Result "1/2-1/2"]
[WhiteElo "2212"]
[BlackElo "2227"]
[PlyCount "116"]
[EventDate "2006.04.01"]
[EventType "swiss"]
[EventRounds "4"]
[EventCountry "USA"]

1. d4 g6 2. e4 Bg7 3. Ne2 d6 4. Nbc3 Nc6 5. Be3 Nf6 6. h3 O-O 7. g3 e5 8. Bg2
Re8 9. O-O exd4 10. Nxd4 Bd7 11. Nde2 a6 12. a4 Nb4 13. a5 Bc6 14. Qd2 Bd7 15.
g4 h5 16. g5 Nh7 17. h4 f6 18. f4 fxg5 19. hxg5 Bg4 20. Bd4 Qd7 21. Bxg7 Qxg7
22. Rf2 Rad8 23. Rc1 c5 24. Nd1 Nc6 25. Ra1 Nf8 26. Qc3 d5 27. Qxg7+ Kxg7 28.
Ndc3 d4 29. Nd5 Bxe2 30. Rxe2 Rxd5 31. exd5 Rxe2 32. dxc6 bxc6 33. Bf1 Rxc2 34.
b3 Ne6 35. Bxa6 Nxf4 36. Bf1 h4 37. a6 Ne6 38. a7 Nc7 39. a8=Q Nxa8 40. Rxa8
Rc3 41. Ra7+ Kf8 42. Bc4 Rg3+ 43. Kh2 Rxg5 44. Rf7+ Ke8 45. Rh7 Kd8 46. Kh3 d3
47. Ra7 Rg1 48. Ra2 g5 49. Rd2 Ke7 50. Rxd3 Kf6 51. Kh2 Re1 52. Rd6+ Kf5 53.
Rxc6 Re5 54. Rc8 g4 55. Rf8+ Kg5 56. Rg8+ Kf4 57. Kg2 Re3 58. Rf8+ Kg5 1/2-1/2

[Event "Lovegrove Senior Open"]
[Site "San Francisco"]
[Date "2006.04.02"]
[Round "3"]
[White "Snyder, Larry"]
[Black "Ossipov, Victor"]
[Result "1-0"]
[WhiteElo "2045"]
[BlackElo "2135"]
[PlyCount "85"]
[EventDate "2006.04.01"]
[EventType "swiss"]
[EventRounds "4"]
[EventCountry "USA"]

1. e4 e6 2. d4 d5 3. Nd2 dxe4 4. Nxe4 Nf6 5. Nxf6+ gxf6 6. Be3 a6 7. Qf3 c6 8.
O-O-O f5 9. Kb1 Nd7 10. h3 Nf6 11. g4 fxg4 12. hxg4 Nd5 13. Bc1 Qf6 14. Qe2 b5
15. Nf3 Bd6 16. Ne5 Bd7 17. g5 Qg7 18. Ka1 Bxe5 19. dxe5 c5 20. Bg2 Bc6 21. f4
c4 22. f5 O-O-O 23. f6 Qf8 24. Be4 Qc5 25. Rxh7 Rxh7 26. Bxh7 Be8 27. Be4 a5
28. Qd2 b4 29. Qd4 Qc7 30. Bf3 Rd7 31. Qe4 c3 32. b3 a4 33. Rd4 Kd8 34. Be2
axb3 35. cxb3 Qa5 36. Bc4 Ra7 37. Qc2 Bc6 38. Rh4 Nb6 39. Bxe6 Qxe5 40. Rh8+
Kc7 41. Bxf7 Be4 42. Qh2 c2+ 43. Qxe5+ 1-0

[Event "Lovegrove Senior Open"]
[Site "San Francisco"]
[Date "2006.04.02"]
[Round "4"]
[White "Salvo, Tab"]
[Black "McCalley, Rod"]
[Result "1-0"]
[WhiteElo "1736"]
[BlackElo "1800"]
[PlyCount "175"]
[EventDate "2006.04.01"]
[EventType "swiss"]
[EventRounds "4"]
[EventCountry "USA"]

1. Nf3 d5 2. c4 c6 3. b3 Bg4 4. e3 Nf6 5. Be2 Nbd7 6. Bb2 e6 7. O-O Bd6 8. d3
O-O 9. Nbd2 Re8 10. e4 e5 11. h3 Bh5 12. Re1 dxe4 13. dxe4 Nc5 14. Qc2 Qc7 15.
b4 Na6 16. a3 c5 17. b5 Nb8 18. g4 Bg6 19. Nh4 Nbd7 20. Nxg6 hxg6 21. Nf3 Nf8
22. Ng5 Ne6 23. Nxe6 Rxe6 24. a4 b6 25. Bc3 Qb7 26. f3 Rd8 27. a5 Bc7 28. axb6
Bxb6 29. Ra2 Qe7 30. Bd2 Nh7 31. Qc1 Red6 32. Be3 Qh4 33. Kg2 f6 34. Rh1 g5 35.
Bf2 Qh6 36. Be3 Qh4 37. Rh2 Nf8 38. Bf2 Qh7 39. h4 gxh4 40. Rxh4 Qg6 41. Be3
Ne6 42. Rh5 Nd4 43. Qg1 Nxe2 44. Rxe2 Kf7 45. Bxc5 Bxc5 46. Qxc5 Rd2 47. Rxd2
Rxd2+ 48. Kg3 Rd7 49. Rh8 Qg5 50. Qf8+ Ke6 51. Qe8+ Kd6 52. Qf8+ Ke6 53. Qe8+
Re7 54. Qc8+ Kf7 55. Rf8+ Kg6 56. Qf5+ Qxf5 57. gxf5+ Kh7 58. Rc8 Rb7 59. Rc6
Kh6 60. f4 exf4+ 61. Kxf4 Kh5 62. e5 fxe5+ 63. Kxe5 Kg4 64. Rc5 Kf3 65. Ke6 Ke4
66. f6 gxf6 67. Kxf6 Kd4 68. Rc6 Kc3 69. Ke6 Kb4 70. Kd6 Rh7 71. Ke6 Rb7 72.
Kd6 Rh7 73. Rc8 Rb7 74. c5 Rxb5 75. c6 a5 76. c7 a4 77. Rb8 a3 78. c8=Q Rxb8
79. Qxb8+ Kc3 80. Qc7+ Kb2 81. Qb6+ Ka1 82. Qd4+ Kb1 83. Qd3+ Kb2 84. Qd2+ Kb1
85. Qd3+ Kb2 86. Qd2+ Kb1 87. Qb4+ Ka2 88. Kd5 1-0

[Event "Lovegrove Senior Open"]
[Site "San Francisco"]
[Date "2006.04.02"]
[Round "4"]
[White "Snyder, Larry"]
[Black "Shipman, Walter"]
[Result "1/2-1/2"]
[WhiteElo "2045"]
[BlackElo "2212"]
[PlyCount "37"]
[EventDate "2006.04.01"]
[EventType "swiss"]
[EventRounds "4"]
[EventCountry "USA"]

1. e4 e5 2. Nf3 Nc6 3. d4 exd4 4. Nxd4 Bc5 5. Nb3 Bb4+ 6. Bd2 Bxd2+ 7. Qxd2 Nf6
8. Nc3 O-O 9. O-O-O Re8 10. f3 d6 11. Be2 Be6 12. Nd4 Nxd4 13. Qxd4 a6 14. Rhe1
Qd7 15. Bc4 c5 16. Qd3 Bxc4 17. Qxc4 b5 18. Qd3 Rad8 19. g3 1/2-1/2

[Event "Konig Memorial G/45"]
[Site "San Francisco"]
[Date "2006.04.15"]
[Round "1"]
[White "Agarwal, Rohan"]
[Black "Zheng, Daniel"]
[Result "1-0"]
[WhiteElo "1788"]
[BlackElo "1285"]
[PlyCount "81"]
[EventDate "2006.04.15"]
[EventType "swiss (rapid)"]
[EventRounds "5"]
[EventCountry "USA"]

1. e4 c5 2. b4 cxb4 3. d4 d5 4. exd5 Qxd5 5. Nf3 Bg4 6. c4 Qa5 7. Bd3 Nf6 8.
O-O e6 9. Bg5 Be7 10. Nbd2 Nc6 11. h3 Bh5 12. Nb3 Bxf3 13. Nxa5 Bxd1 14. Nxc6
bxc6 15. Rfxd1 h6 16. Be3 O-O 17. g4 Nd7 18. c5 Nf6 19. Ba6 Nd5 20. Bb7 Nxe3
21. fxe3 Rab8 22. Bxc6 Rfd8 23. a3 a5 24. axb4 axb4 25. Rdc1 Rdc8 26. Be4 g6
27. Rab1 f5 28. gxf5 gxf5 29. Bf3 Bg5 30. Kf2 Rc7 31. Rc4 Ra7 32. Rbxb4 Ra2+
33. Be2 Rxb4 34. Rxb4 Ra3 35. Bc4 Bxe3+ 36. Ke2 Bxd4 37. Bxe6+ Kg7 38. Rxd4 Kf6
39. Bc4 Ra5 40. Rd5 Ke6 41. c6 1-0

[Event "Konig Memorial G/45"]
[Site "San Francisco"]
[Date "2006.04.15"]
[Round "1"]
[White "Gomatam, Nitin"]
[Black "Krubnik, Ewelina"]
[Result "0-1"]
[WhiteElo "1248"]
[BlackElo "1768"]
[PlyCount "64"]
[EventDate "2006.04.15"]
[EventType "swiss (rapid)"]
[EventRounds "5"]
[EventCountry "USA"]

1. d4 d5 2. c4 e6 3. Nc3 Nf6 4. Bg5 c6 5. e3 Nbd7 6. Nf3 Qa5 7. Qc2 Bb4 8. Bd3
Ne4 9. Bxe4 dxe4 10. Nd2 Qxg5 11. O-O f5 12. a3 Bxc3 13. Qxc3 O-O 14. b4 Qf6
15. Nb3 e5 16. a4 {guess} exd4 17. Nxd4 Ne5 18. c5 Kh8 19. Rfd1 Nd3 20. a5 a6
21. Rxd3 exd3 22. Qxd3 Be6 23. Rb1 Bd5 24. f3 Rae8 25. Re1 Qg6 26. Kf2 Qh5 27.
h3 Qh4+ 28. Kf1 {guess} Rd8 29. Qc3 Rf6 30. Re2 Qg3 31. Qb2 Qh2 32. Ke1 Qe5 {
remainder illegible} 0-1

[Event "Konig Memorial G/45"]
[Site "San Francisco"]
[Date "2006.04.15"]
[Round "1"]
[White "Liou, Arthur"]
[Black "Kislik, Erik"]
[Result "0-1"]
[WhiteElo "1646"]
[BlackElo "1963"]
[PlyCount "92"]
[EventDate "2006.04.15"]
[EventType "swiss (rapid)"]
[EventRounds "5"]
[EventCountry "USA"]

1. e4 c5 2. b4 cxb4 3. d4 e6 4. Bd3 Qa5 5. Bd2 d5 6. f3 Nc6 7. Ne2 Qb6 8. Be3
Nf6 9. O-O e5 10. c3 bxc3 11. Nbxc3 dxe4 12. fxe4 exd4 13. Na4 Qd8 14. Bg5 Bd6
15. Bxf6 gxf6 16. Bb5 Be5 17. Rc1 Qd6 18. h3 Rg8 19. Rf3 Rg5 20. Rd3 Bh2+ 21.
Kh1 Rxb5 22. Nxd4 Nxd4 23. Rxd4 Qe7 24. Kxh2 Bd7 25. Nc3 Rb2 26. Nd5 Qe5+ 27.
Kh1 Bc6 28. Ne3 Bxe4 29. Qa4+ b5 30. Qd1 Bb7 31. Rd7 Qxe3 32. Rxb7 Rd8 33. Qf1
Re2 34. Rcc7 Rdd2 35. Re7+ Qxe7 36. Rxe7+ Kxe7 37. Qb1 Rxg2 38. Qxb5 Rh2+ 39.
Kg1 Rdg2+ 40. Kf1 Rf2+ 41. Kg1 Rfg2+ 42. Kf1 Rb2 43. Qc5+ Ke8 44. Qc8+ Ke7 45.
Qc5+ Ke6 46. Qxa7 Rb1# 0-1

[Event "Konig Memorial G/45"]
[Site "San Francisco"]
[Date "2006.04.15"]
[Round "1"]
[White "Rodel, Max"]
[Black "Vayntrub, Dmitry"]
[Result "0-1"]
[WhiteElo "1700"]
[BlackElo "2120"]
[PlyCount "50"]
[EventDate "2006.04.15"]
[EventType "swiss (rapid)"]
[EventRounds "5"]
[EventCountry "USA"]

1. e4 c5 2. Nf3 d6 3. d4 cxd4 4. Nxd4 Nf6 5. Nc3 g6 6. Be3 Bg7 7. f3 O-O 8. Qd2
Nc6 9. O-O-O Nxd4 10. Bxd4 Be6 11. Kb1 Qc7 12. Nd5 Bxd5 13. exd5 Rfc8 14. h4
Nxd5 15. Bxg7 Kxg7 16. c3 Nf6 17. g4 h5 18. gxh5 Nxh5 19. Bh3 Rh8 20. f4 Nf6
21. f5 Rxh4 22. fxg6 fxg6 23. Rdg1 Rah8 24. Qg5 R8h6 25. Bf5 Rxh1 0-1

[Event "Konig Memorial G/45"]
[Site "San Francisco"]
[Date "2006.04.15"]
[Round "1"]
[White "Salinas, Chad"]
[Black "Mohan, Vijay"]
[Result "1-0"]
[WhiteElo "1944"]
[BlackElo "1520"]
[PlyCount "49"]
[EventDate "2006.04.15"]
[EventType "swiss (rapid)"]
[EventRounds "5"]
[EventCountry "USA"]

1. d4 f5 2. Nc3 d5 3. Nf3 e6 4. Bg5 Nf6 5. e3 c6 6. Bxf6 Qxf6 7. Bd3 Bd6 8. g3
O-O 9. Ne2 Nd7 10. c3 e5 11. dxe5 Nxe5 12. Nxe5 Bxe5 13. Qc2 Bd7 14. O-O-O c5
15. h4 Bc6 16. f4 Bc7 17. g4 d4 18. Rh3 Be4 19. Bxe4 fxe4 20. cxd4 Qe6 21. Kb1
Qxg4 22. Rg3 Qxh4 23. Qxc5 Qh2 24. Qxc7 Qxe2 25. Qxg7# 1-0

[Event "Konig Memorial G/45"]
[Site "San Francisco"]
[Date "2006.04.15"]
[Round "1"]
[White "Salvo, Tab"]
[Black "Zhu, Jessica"]
[Result "1-0"]
[WhiteElo "1737"]
[BlackElo "1085"]
[PlyCount "50"]
[EventDate "2006.04.15"]
[EventType "swiss (rapid)"]
[EventRounds "5"]
[EventCountry "USA"]

1. Nf3 d5 2. c4 dxc4 3. Qa4+ Bd7 4. Qxc4 Nc6 5. g3 Nf6 6. Bg2 e5 7. d3 Bb4+ 8.
Nbd2 O-O 9. O-O Be6 10. Qc2 Qd7 11. a3 Be7 12. Re1 Bh3 13. Bh1 Nd5 14. b4 Nd4
15. Nxd4 exd4 16. Bb2 Bh4 17. Nf3 Bf6 18. Nxd4 Bxd4 19. Bxd4 c6 20. Qb2 f6 21.
Rad1 Nf4 22. Bf3 Ne6 23. Bc3 f5 24. e3 Ng5 25. Bh1 f4 {remainder illegible} 1-0

[Event "Konig Memorial G/45"]
[Site "San Francisco"]
[Date "2006.04.15"]
[Round "1"]
[White "Shankland, Sam"]
[Black "Chan, John"]
[Result "1-0"]
[WhiteElo "2084"]
[BlackElo "1692"]
[PlyCount "86"]
[EventDate "2006.04.15"]
[EventType "swiss (rapid)"]
[EventRounds "5"]
[EventCountry "USA"]

1. e4 c5 2. Nc3 Nc6 3. Nge2 e5 4. g3 Nf6 5. Bg2 d6 6. O-O h5 7. d3 Be7 8. Bg5
Be6 9. Qd2 Qd7 10. f4 Bh3 11. Bxf6 Bxg2 12. Kxg2 gxf6 13. f5 O-O-O 14. Nd5 h4
15. g4 h3+ 16. Kh1 Rdg8 17. Rg1 Bd8 18. Ne3 Qe8 19. a3 Nd4 20. Nxd4 exd4 21.
Nd5 Qe5 22. Rg3 Kb8 23. Qf4 Rh4 24. Rf1 Rg5 25. Rff3 b6 26. Qxe5 dxe5 27. Rxh3
Rhxg4 28. Rfg3 Rxg3 29. hxg3 b5 30. Kg2 Rg8 31. Rh7 Rf8 32. Rh6 Kb7 33. Nxf6
Bxf6 34. Rxf6 c4 35. Kf3 a5 36. g4 c3 37. b3 b4 38. a4 Kc7 39. g5 Kd7 40. g6
Ke7 41. Rxf7+ Rxf7 42. gxf7 Kxf7 43. Kg4 Kf6 1-0

[Event "Konig Memorial G/45"]
[Site "San Francisco"]
[Date "2006.04.15"]
[Round "1"]
[White "Starr, Albert"]
[Black "Goins, Demetrius"]
[Result "0-1"]
[WhiteElo "1524"]
[BlackElo "1947"]
[PlyCount "72"]
[EventDate "2006.04.15"]
[EventType "swiss (rapid)"]
[EventRounds "5"]
[EventCountry "USA"]

1. b4 Nf6 2. Bb2 d5 3. e3 Bf5 4. Nf3 e6 5. b5 Bd6 6. Be2 Nbd7 7. O-O h6 8. d3
O-O 9. Nbd2 c6 10. c4 cxb5 11. cxb5 Qb6 12. a4 a6 13. Bd4 Bc5 14. Nb3 Bxd4 15.
Nfxd4 Bh7 16. a5 Qd6 17. b6 Rac8 18. Rc1 Nc5 19. Nxc5 Rxc5 20. Qa4 Rfc8 21.
Rxc5 Qxc5 22. g3 Qc3 23. Qa1 Bxd3 24. Bxd3 Qxd3 25. Rc1 Rc4 26. Nf3 Nd7 27. Ne1
Qb3 28. Rxc4 Qxc4 29. Ng2 Nb8 30. Nf4 Nc6 31. Nh5 e5 32. f4 Qe2 33. Nxg7 Kxg7
34. fxe5 Qxe3+ 35. Kg2 Qe4+ 36. Kh3 Qxe5 0-1

[Event "Konig Memorial G/45"]
[Site "San Francisco"]
[Date "2006.04.15"]
[Round "2"]
[White "Agarwal, Rohan"]
[Black "Kislik, Erik"]
[Result "0-1"]
[WhiteElo "1788"]
[BlackElo "1963"]
[PlyCount "85"]
[EventDate "2006.04.15"]
[EventType "swiss (rapid)"]
[EventRounds "5"]
[EventCountry "USA"]

1. e4 e5 2. Nf3 d5 3. exd5 Bd6 4. Bb5+ c6 5. dxc6 bxc6 6. Bc4 Nf6 7. d3 h6 8.
O-O O-O 9. Nbd2 Bg4 10. h3 Bh5 11. Re1 Nbd7 12. a4 Nd5 13. Ne4 Bc7 14. g4 Bg6
15. Ng3 Kh8 16. g5 h5 17. Bxd5 cxd5 18. Nh4 e4 19. Nxh5 Ne5 20. Ng3 Qd7 21. Kg2
exd3 22. cxd3 d4 23. Rxe5 Bxe5 24. f4 Qc6+ 25. Nf3 Bc7 26. h4 Rae8 27. Bd2 Bxd3
28. Bb4 Bc2 29. Qd2 Bd6 30. Bxd6 Qxd6 31. Qxc2 Qxf4 32. Rd1 Re3 33. Qf2 Rfe8
34. Rxd4 Qc7 35. Rd2 Qc6 36. Nf5 Rb3 37. N5d4 Qxa4 38. Nxb3 Qxb3 39. Nd4 Qd5+
40. Qf3 Qc4 41. Qc6 Rc8 42. Qxc4 Rxc4 43. Kf3 0-1

[Event "Konig Memorial G/45"]
[Site "San Francisco"]
[Date "2006.04.15"]
[Round "2"]
[White "Chan, John"]
[Black "Chillakanti, Kartik"]
[Result "1-0"]
[WhiteElo "1692"]
[BlackElo "1406"]
[PlyCount "33"]
[EventDate "2006.04.15"]
[EventType "swiss (rapid)"]
[EventRounds "5"]
[EventCountry "USA"]

1. c4 e6 2. d4 Nf6 3. Nf3 Bb4+ 4. Bd2 Qe7 5. a3 Bxd2+ 6. Nbxd2 O-O 7. e4 d6 8.
Bd3 c5 9. O-O cxd4 10. Nxd4 e5 11. N4f3 Nc6 12. b4 Bg4 13. Qc2 Rac8 14. b5 Nd8
15. Qb2 b6 16. h3 Bd7 17. Rae1 {remainder illegible} 1-0

[Event "Konig Memorial G/45"]
[Site "San Francisco"]
[Date "2006.04.15"]
[Round "2"]
[White "Chillakanti, Mukund"]
[Black "Zheng, Daniel"]
[Result "1-0"]
[WhiteElo "1644"]
[BlackElo "1285"]
[PlyCount "89"]
[EventDate "2006.04.15"]
[EventType "swiss (rapid)"]
[EventRounds "5"]
[EventCountry "USA"]

1. e4 c5 2. Nf3 d6 3. d4 cxd4 4. Nxd4 Nf6 5. Nc3 g6 6. f3 Bg7 7. Be3 Nc6 8. Qd2
O-O 9. O-O-O Bd7 10. h4 Rc8 11. g4 Na5 12. Be2 Nc4 13. Bxc4 Rxc4 14. Rdg1 Qc7
15. h5 Rc8 16. hxg6 fxg6 17. Kb1 Rxc3 18. bxc3 Qxc3 19. Qxc3 Rxc3 20. Bh6 Bh8
21. Rf1 a6 22. Rh3 b5 23. Ne2 Rc8 24. Nf4 Kf7 25. Nd5 Nxd5 26. exd5 Rc5 27. Re1
Rxd5 28. Bc1 Re5 29. Rxh7+ Kg8 30. Rxe5 Bxe5 31. Rxe7 Bc6 32. f4 Bd4 33. Bb2
Bxb2 34. Kxb2 a5 35. Re6 Kf7 36. Rxd6 Be8 37. g5 a4 38. Kc3 Ke7 39. Rf6 Bf7 40.
a3 Be8 41. Kb4 Kd8 42. Rf8 Kd7 43. Rxe8 Kxe8 44. Kxb5 Ke7 45. c4 1-0

[Event "Konig Memorial G/45"]
[Site "San Francisco"]
[Date "2006.04.15"]
[Round "2"]
[White "Cusi, Ron"]
[Black "Salinas, Chad"]
[Result "1/2-1/2"]
[WhiteElo "2338"]
[BlackElo "1944"]
[PlyCount "64"]
[EventDate "2006.04.15"]
[EventType "swiss (rapid)"]
[EventRounds "5"]
[EventCountry "USA"]

1. c4 e6 2. g3 d5 3. Bg2 c5 4. Nf3 Nc6 5. O-O Nf6 6. cxd5 exd5 7. d4 Be7 8. Nc3
O-O 9. Bg5 cxd4 10. Nxd4 h6 11. Be3 Re8 12. Rc1 Bf8 13. Nxc6 bxc6 14. Na4 Bd7
15. Bc5 Bxc5 16. Nxc5 Bg4 17. Re1 Qa5 18. Qc2 Rac8 19. e3 Bh5 20. Qa4 Qb6 21.
Qd4 Qa5 22. a3 Bg4 23. b4 Qb6 24. Rc3 a5 25. Nb3 Qxd4 26. Nxd4 axb4 27. axb4
Bd7 28. Rb1 Red8 29. f3 Ne8 30. Bf1 Rc7 31. Rbc1 Rb7 32. Rb3 Rb6 1/2-1/2

[Event "Konig Memorial G/45"]
[Site "San Francisco"]
[Date "2006.04.15"]
[Round "2"]
[White "Goins, Demetrius"]
[Black "Salvo, Tab"]
[Result "1-0"]
[WhiteElo "1947"]
[BlackElo "1737"]
[PlyCount "73"]
[EventDate "2006.04.15"]
[EventType "swiss (rapid)"]
[EventRounds "5"]
[EventCountry "USA"]

1. d4 d6 2. c4 e5 3. dxe5 dxe5 4. Qxd8+ Kxd8 5. Nf3 f6 6. Nc3 c6 7. Bd2 Ne7 8.
O-O-O Nd7 9. Ne4 Ng6 10. e3 b6 11. h4 Be7 12. g3 Kc7 13. Bh3 Rd8 14. Bc3 Ngf8
15. Rd2 Bb7 16. Rhd1 c5 17. Rd5 Bxd5 18. cxd5 Bd6 19. Nfd2 b5 20. Ba5+ Nb6 21.
Nb3 c4 22. Nbc5 Bxc5 23. Nxc5 Rd6 24. Ne4 Rdd8 25. Nc3 a6 26. d6+ Rxd6 27. Rxd6
Kxd6 28. Bxb6 Nd7 29. Ba5 Ra7 30. Bb4+ Kc7 31. Be7 Nb6 32. Bb4 Nd7 33. a4 bxa4
34. Be6 Kd8 35. Bxc4 Nb6 36. Be2 Kd7 37. Kd1 {remainder illegible} 1-0

[Event "Konig Memorial G/45"]
[Site "San Francisco"]
[Date "2006.04.15"]
[Round "2"]
[White "Krubnik, Ewelina"]
[Black "Zhong, Michael"]
[Result "0-1"]
[WhiteElo "1768"]
[BlackElo "1963"]
[PlyCount "56"]
[EventDate "2006.04.15"]
[EventType "swiss (rapid)"]
[EventRounds "5"]
[EventCountry "USA"]

1. d4 Nf6 2. c4 c5 3. d5 e6 4. Nc3 exd5 5. cxd5 d6 6. e4 g6 7. Bd3 Bg7 8. Nge2
O-O 9. O-O Nfd7 10. Bf4 Ne5 11. Qd2 a6 12. a4 f5 13. f3 Nbd7 14. b3 Qe7 15.
Rad1 Nxd3 16. Qxd3 g5 17. Bg3 f4 18. Bf2 b6 19. Qc2 Qf6 20. Rb1 Ne5 21. b4 g4
22. fxg4 Bxg4 23. Bg3 f3 24. h3 Bh6 25. hxg4 Be3+ 26. Bf2 Qh4 27. g3 Qh3 28.
Bxe3 Qg2# 0-1

[Event "Konig Memorial G/45"]
[Site "San Francisco"]
[Date "2006.04.15"]
[Round "2"]
[White "Mohan, Vijay"]
[Black "Gurtovoy, Jason"]
[Result "0-1"]
[WhiteElo "1520"]
[BlackElo "1712"]
[PlyCount "44"]
[EventDate "2006.04.15"]
[EventType "swiss (rapid)"]
[EventRounds "5"]
[EventCountry "USA"]

1. e4 c5 2. Nc3 Nc6 3. f4 e6 4. Nf3 d5 5. exd5 exd5 6. Bb5 Nf6 7. Qe2+ Be7 8.
O-O O-O 9. Kh1 Bg4 10. h3 Nd4 11. Qd1 Bxf3 12. gxf3 Nxb5 13. Nxb5 Qd7 14. Qe2
Qxh3+ 15. Kg1 c4 16. d3 cxd3 17. Qxd3 Nh5 18. Rf2 Bc5 19. Be3 Bxe3 20. Qxe3
Qg3+ 21. Kf1 Qh3+ 22. Ke2 Rae8 0-1

[Event "Konig Memorial G/45"]
[Site "San Francisco"]
[Date "2006.04.15"]
[Round "2"]
[White "Vayntrub, Dmitry"]
[Black "Young, Gregory"]
[Result "0-1"]
[WhiteElo "2120"]
[BlackElo "1870"]
[PlyCount "22"]
[EventDate "2006.04.15"]
[EventType "swiss (rapid)"]
[EventRounds "5"]
[EventCountry "USA"]

1. e4 c5 2. Nc3 Nc6 3. Nge2 g6 4. d4 cxd4 5. Nxd4 Bg7 6. Be2 Nf6 7. f3 d5 8.
Bb5 Bd7 9. exd5 Nxd4 10. Bxd7+ Qxd7 11. Qxd4 O-O {remainder illegible} 0-1

[Event "Konig Memorial G/45"]
[Site "San Francisco"]
[Date "2006.04.15"]
[Round "2"]
[White "Zhu, Jessica"]
[Black "Starr, Albert"]
[Result "1-0"]
[WhiteElo "1085"]
[BlackElo "1524"]
[PlyCount "69"]
[EventDate "2006.04.15"]
[EventType "swiss (rapid)"]
[EventRounds "5"]
[EventCountry "USA"]

1. e4 c5 2. Nf3 e6 3. d4 a6 4. Be2 b5 5. O-O Bb7 6. e5 Qc7 7. c4 b4 8. Bf4 Ne7
9. Nbd2 Nf5 10. Nb3 g6 11. dxc5 Bxc5 12. Nxc5 Qxc5 13. Bg5 Nc6 14. Bf6 Rg8 15.
Qd2 h5 16. Rfd1 Bc8 17. a3 b3 18. Qc3 Rb8 19. Ng5 Ncd4 20. Bd3 a5 21. Ne4 Qa7
22. Nd6+ Nxd6 23. exd6 Nc6 24. Bg7 Qc5 25. Be4 Qg5 26. Bxc6 dxc6 27. Bf6 Qf5
28. Qd4 Kd7 29. Be7 c5 30. Qc3 Qc2 31. Qxa5 Bb7 32. Qc7+ Ke8 33. Qxb8+ Kd7 34.
Qc7+ Ke8 35. Qd8# 1-0

[Event "Konig Memorial G/45"]
[Site "San Francisco"]
[Date "2006.04.15"]
[Round "3"]
[White "Chan, John"]
[Black "Vayntrub, Dmitry"]
[Result "0-1"]
[WhiteElo "1692"]
[BlackElo "2120"]
[PlyCount "90"]
[EventDate "2006.04.15"]
[EventType "swiss (rapid)"]
[EventRounds "5"]
[EventCountry "USA"]

1. c4 g6 2. d4 Bg7 3. Nc3 f5 4. Nf3 Nf6 5. d5 c6 6. d6 O-O 7. e3 e6 8. Bd3 c5
9. O-O Nc6 10. Re1 b6 11. e4 Bb7 12. e5 Ng4 13. Bg5 Qe8 14. Nb5 Qf7 15. Nc7
Ngxe5 16. Nxe5 Bxe5 17. Nxa8 Rxa8 18. Rb1 Bxd6 19. Be2 Nd4 20. Be3 e5 21. b3
Bf8 22. Bxd4 cxd4 23. Bf1 Bg7 24. b4 Bc6 25. b5 Bb7 26. a4 Qf8 27. Qb3 Qc5 28.
Qb4 Qxb4 29. Rxb4 e4 30. Rb3 d3 31. Bxd3 exd3 32. Rxd3 Rd8 33. f3 Bf8 34. h3
Kf7 35. Kh2 Bc5 36. Re2 Kf6 37. h4 h6 38. Red2 d6 39. Re2 g5 40. h5 Bc8 41. Rd1
Bb4 42. Rb1 Bc3 43. Rc1 Be5+ 44. Kh1 Be6 45. Rec2 Rc8 0-1

[Event "Konig Memorial G/45"]
[Site "San Francisco"]
[Date "2006.04.15"]
[Round "3"]
[White "Chillakanti, Pratap"]
[Black "Sowell, Nelson"]
[Result "1-0"]
[WhiteElo "1500"]
[BlackElo "1700"]
[PlyCount "42"]
[EventDate "2006.04.15"]
[EventType "swiss (rapid)"]
[EventRounds "5"]
[EventCountry "USA"]

1. d4 Nf6 2. Nf3 e6 3. g3 b6 4. Bg2 Bb7 5. O-O g6 6. e4 Bg7 7. Nc3 O-O 8. b3 c5
9. dxc5 Nxe4 10. Nxe4 Bxe4 11. Bg5 Qc8 12. cxb6 axb6 13. Nd2 Bxg2 14. Kxg2 Ra5
15. Be7 Re8 16. Bb4 Ra6 17. Rb1 Rxa2 18. f3 f5 19. Re1 Nc6 20. Bd6 e5 21. c4
Re6 {remainder illegible} 1-0

[Event "Konig Memorial G/45"]
[Site "San Francisco"]
[Date "2006.04.15"]
[Round "3"]
[White "Perez, Emmanuel"]
[Black "Zavortink, Matt"]
[Result "1/2-1/2"]
[WhiteElo "2299"]
[BlackElo "1959"]
[PlyCount "64"]
[EventDate "2006.04.15"]
[EventType "swiss (rapid)"]
[EventRounds "5"]
[EventCountry "USA"]

1. c4 b6 2. Nc3 Bb7 3. d4 e6 4. e4 Bb4 5. d5 Bxc3+ 6. bxc3 e5 7. Qg4 Nf6 8.
Qxg7 Rg8 9. Qh6 Rg6 10. Qe3 Qe7 11. f3 Na6 12. Ne2 d6 13. g4 Nc5 14. Ng3 Qd7
15. Qd2 Qa4 16. Be2 Ba6 17. Rb1 Qd7 18. h4 O-O-O 19. Nf5 h5 20. g5 Nh7 21. Ba3
f6 22. Bxc5 dxc5 23. f4 exf4 24. Bxh5 Rgg8 25. g6 Nf8 26. Bg4 Kb8 27. h5 Re8
28. Qxf4 Qa4 29. O-O Qxc4 30. d6 Ne6 31. dxc7+ Ka8 32. Nd6 Qxc3 1/2-1/2

[Event "Konig Memorial G/45"]
[Site "San Francisco"]
[Date "2006.04.15"]
[Round "3"]
[White "Rodel, Max"]
[Black "Chillakanti, Kartik"]
[Result "1/2-1/2"]
[WhiteElo "1700"]
[BlackElo "1406"]
[PlyCount "53"]
[EventDate "2006.04.15"]
[EventType "swiss (rapid)"]
[EventRounds "5"]
[EventCountry "USA"]

1. e4 e6 2. d4 d5 3. Nd2 Nf6 4. e5 Nfd7 5. Ngf3 c5 6. c3 Nc6 7. Be2 Qb6 8. Nb3
cxd4 9. cxd4 Be7 10. O-O O-O 11. Re1 f6 12. exf6 Nxf6 13. Bd3 Bd7 14. Ng5 Nd8
15. Kh1 Nf7 16. f4 h6 17. Nxe6 Bxe6 18. f5 Bxf5 19. Bxf5 Bb4 20. Re6 Qc7 21. h4
Rae8 22. Rxf6 Re1+ 23. Qxe1 Bxe1 24. Rg6 Bxh4 25. Be6 Kh8 26. Nc5 Ng5 27. Bxg5
1/2-1/2

[Event "Konig Memorial G/45"]
[Site "San Francisco"]
[Date "2006.04.15"]
[Round "3"]
[White "Salinas, Chad"]
[Black "Shah, Arnav"]
[Result "0-1"]
[WhiteElo "1944"]
[BlackElo "1792"]
[PlyCount "66"]
[EventDate "2006.04.15"]
[EventType "swiss (rapid)"]
[EventRounds "5"]
[EventCountry "USA"]

1. d4 f5 2. Nc3 Nf6 3. Bg5 Ne4 4. Bf4 g6 5. Nxe4 fxe4 6. Be5 Rg8 7. e3 Nc6 8.
Bg3 d5 9. c4 e6 10. a3 Bd6 11. Ne2 Rf8 12. Nc3 Qf6 13. Qc2 Ne7 14. Bxd6 cxd6
15. Nb5 Kd7 16. O-O-O a6 17. Nc3 Kd8 18. Rd2 Bd7 19. Qb3 Bc6 20. h4 dxc4 21.
Bxc4 d5 22. Bf1 Nf5 23. g3 Rc8 24. Kb1 Nd6 25. h5 Qf3 26. Rh2 g5 27. Bh3 g4 28.
Bf1 Qf7 29. Be2 Rg8 30. Rh4 Qxf2 31. Qb4 Qxg3 32. Rxg4 Rxg4 33. Bxg4 Ke7 0-1